DC Super Heroes! - Statistics

General Stats
  • This quiz has been taken 7,543 times
  • The average score is 10 of 15
Answer Stats
Super Hero Nickname Super Hero % Correct
The Dark Knight The Batman
100%
The Man of Steel Superman
99%
Scarlet Speedster The Flash
96%
Amazing Amazon Wonder Woman
94%
King of the Seven Seas Aquaman
90%
The Boy Wonder Robin
87%
Emerald Archer Green Arrow
86%
Emerald Crusaider Green Lantern
86%
Manhunter From Mars Martian Manhunter
76%
Winged Wonder Hawkman
58%
Winged Avenger Hawkgirl
49%
Blonde Bombshell Black Canary
39%
Mighty Mite The Atom
16%
The Dominoed Daredoll Batgirl
15%
Ductile Detective Elongated Man
12%
No matching quizzes found
Score Distribution
Percent of People with Each Score
Percentile by Number Answered
Your Score History
You have not taken this quiz